Elementos de la música: la armonía. - Estadísticas

Estadísticas generales
  • Esta prueba ha sido intentada 99 veces
  • La puntuación promedio es 8 de 10
Estadísticas de respuestas
Pregunta Respuesta % Correcto
Un acorde Está formado por 3 o más sonidos simultáneos
100%
La nota fundamental del acorde Sol-Si-Re es: Sol
100%
Una disonancia. Son dos sonidos simultáneos que producen sensación de tensión.
92%
Los acordes se forman A partir de una nota (fundamental) sobre la que se colocan 2 o más notas
85%
La 5ª del acorde Fa-La-Do es: Do
85%
Una consonancia: Son dos sonidos simultáneos que producen sensación de relajación
85%
La 3ª del acorde Do-Mi-Sol es Mi
69%
Un intervalo armónico Está formado por dos sonidos simultáneos
62%
La armonía es La disciplina que enseña al músico a usar varios sonidos simultáneos
62%
El punto de reposo que sirve para señalar las distintas ideas musicales o señalar el final de una obra es: La cadencia
54%
No se encontraron pruebas coincidentes
Distribución de puntuación
Porcentaje de gente con cada puntuación
Porcentaje por número respondido
Historial de tus puntuaciones
No has intentado esta prueba.